[Event "JUG-ch1 Sen corr"]
[Site "Yugoslavia"]
[Date "1999.??.??"]
[Round "8"]
[White "Popovic, Stevan"]
[Black "Perovic, Miodrag"]
[Result "0-1"]
[WhiteElo "2150"]
[BlackElo "2100"]
[PlyCount "52"]
[EventDate "1999.01.15"]
[EventType "tourn (corr)"]
[EventRounds "12"]
[EventCountry "YUG"]
[SourceTitle "Corr 2002"]
[Source "ChessBase"]
[SourceDate "2002.05.23"]
[SourceVersion "1"]
[SourceVersionDate "2002.05.23"]
[SourceQuality "1"]

1. e4 e6 2. d4 d5 3. Nc3 Bb4 4. e5 c5 5. a3 Bxc3+ 6. bxc3 Ne7 7. Nf3 Bd7 8. dxc5 Qa5 9. Qd4 Nbc6 10. Qd2 Qa4 11. c4 dxc4 12. Rb1 Nd5 13. Rxb7 Bc8 14. Rb1 Ba6 15. Be2 c3 16. Qd1 Rd8 17. Bxa6 Nf4 18. Qxd8+ Kxd8 19. Bxf4 Qxa6 20. Be3 Kc8 21. h4 Rd8 22. h5 Rd5 23. h6 g6 24. Rb3 Nxe5 25. Bf4 Nxf3+ 26. gxf3 e5 0-1

[Event "JUG-ch1 Sen corr"]
[Site "Yugoslavia"]
[Date "1999.??.??"]
[Round "5"]
[White "Stankovic, Borisav"]
[Black "Popovic, Stevan"]
[Result "0-1"]
[WhiteElo "2200"]
[BlackElo "2150"]
[PlyCount "82"]
[EventDate "1999.01.15"]
[EventType "tourn (corr)"]
[EventRounds "12"]
[EventCountry "YUG"]
[SourceTitle "Corr 2002"]
[Source "ChessBase"]
[SourceDate "2002.05.23"]
[SourceVersion "1"]
[SourceVersionDate "2002.05.23"]
[SourceQuality "1"]

1. d4 Nf6 2. c4 e6 3. Nc3 Bb4 4. Qc2 c5 5. dxc5 0-0 6. a3 Bxc5 7. Nf3 Nc6 8. b4 Be7 9. e3 d6 10. Bb2 Bd7 11. Bd3 Kh8 12. 0-0 Rc8 13. Rfd1 a5 14. b5 Nb8 15. Rac1 b6 16. Qb1 h6 17. Na4 Be8 18. h3 Nbd7 19. Nd4 Ne5 20. Be2 Bd7 21. f4 Ng6 22. Bd3 e5 23. Ne2 Qc7 24. f5 Nh4 25. Rf1 g6 26. fxg6 fxg6 27. Ng3 Be6 28. Rf2 Kh7 29. Qc2 Nd7 30. Rxf8 Rxf8 31. Rf1 Rxf1+ 32. Kxf1 d5 33. Kf2 dxc4 34. Ne4 Nf5 35. g4 Nc5 36. Nexc5 cxd3 37. Qxd3 e4 38. Nxe4 Qh2+ 39. Ke1 Bh4+ 40. Kd1 Qg1+ 41. Ke2 Qe1+ 0-1